Romance languages and linguistic theory 2006 : selected papers from 'Going Romance', Amsterdam, 7-9 December 2006 /

Bibliographic Details
Corporate Author: Going Romance (Conference) Amsterdam, Netherlands)
Other Authors: Torck, Danièle, Wetzels, Leo
Format: Conference Proceeding Book
Language:English
Published: Amsterdam ; Philadelphia : John Benjamins Pub. Co., [2009]
Series:Amsterdam studies in the theory and history of linguistic science. Current issues in linguistic theory ; v. 303.
Subjects:

MARC

Tag First Indicator Second Indicator Subfields
LEADER 00000cam a22000004a 4500
001 in00002531793
005 20151113125847.0
008 080925s2009 ne a b 101 0 eng
010 |a  2008042423 
020 |a 9789027248190 (hb : alk. paper) 
020 |a 9027248192 (hb : alk. paper) 
029 1 |a OHX  |b har095029061 
035 |a (OCoLC)ocn258333095 
035 |a (OCoLC)258333095 
040 |a DLC  |c DLC  |d BTCTA  |d YDXCP  |d C#P  |d OHX  |d TXA  |d UtOrBLW 
049 |a TXAM 
050 0 4 |a PC11  |b .G65 2006 
082 0 0 |a 440  |2 22 
111 2 |a Going Romance (Conference)  |d (2006 :  |c Amsterdam, Netherlands) 
245 1 0 |a Romance languages and linguistic theory 2006 :  |b selected papers from 'Going Romance', Amsterdam, 7-9 December 2006 /  |c edited by Danièle Torck, W. Leo Wetzels. 
264 1 |a Amsterdam ;  |a Philadelphia :  |b John Benjamins Pub. Co.,  |c [2009] 
264 4 |c ©2009 
300 |a viii, 262 pages :  |b illustrations ;  |c 25 cm. 
336 |a text  |b txt  |2 rdacontent 
337 |a unmediated  |b n  |2 rdamedia 
338 |a volume  |b nc  |2 rdacarrier 
490 1 |a Amsterdam studies in the theory and history of linguistic science. Series IV, Current issues in linguistic theory,  |v v. 303 
504 |a Includes bibliographical references and index. 
650 0 |a Romance languages  |v Congresses. 
700 1 |a Torck, Danièle. 
700 1 |a Wetzels, Leo. 
830 0 |a Amsterdam studies in the theory and history of linguistic science.  |n Series IV,  |p Current issues in linguistic theory ;  |v v. 303. 
938 |a Baker and Taylor  |b BTCP  |n BK0007958493 
938 |a YBP Library Services  |b YANK  |n 2890030 
938 |a Otto Harrassowitz  |b HARR  |n har095029061 
948 |a cataloged  |b h  |c 2009/12/15  |d c  |e ceaton  |f 1:54:07 pm 
994 |a C0  |b TXA 
999 |a MARS 
999 f f |s 1f99d608-2f52-3718-b8e0-337cb4358b51  |i 8c0d223f-9406-3e40-bfb7-52372418aec5  |t 0 
952 f f |p ric  |a Texas A&M University  |b Rellis Campus  |c Joint Library Facility  |s JLF  |d Remote Storage  |t 0  |e PC11 .G65 2006  |h Library of Congress classification  |i unmediated -- volume  |m A14838046168 
998 f f |a PC11 .G65 2006  |t 0  |l Remote Storage